000 00610ntaaa2200217 4500
003 01
005 20251027202743.0
008 0714s1973 ag 01
040 _aAR-BaBN
_bspa
_cAR-BaBN
_eaacr
_dRIC
082 _a790.0000 C19
100 _aCarlson, Bernice Wells
_927576
245 _aJunior party book
250 _a1 ed.
260 _aNashville :
_bAbingdon Press,
_cc1948
300 _a160 p
500 _aParty ideas, invitations, games.Libro perdido. Juego de fichas retirado 24/5/76
650 _arecreación
_918895
650 _afiestas
_94668
650 _aprimarios-fiestas
_927577
942 _cBK
999 _c22778
_d22778